00924 2200301 4500001002100000005001500021035002500036090002100061245009000082260002900172300002000201008004100221040001700262082001700279084001900296100005800315650003300373850001200406041000800418246008800426500002400514990001100538990001100549990002000560990002000580990001100600990001100611YOGYA00000000002492120191217102633 a0010-081400000024639 aL 899.2223 KUS s01aSerat tjarijosipoen Rara Kandreman kasambetan dongeng tigang warni /cMas Kuswadiarja3 aBetawi :bPapyrus,c1916 a34hlm. :b21 cm130804s1916 jki g 1 jav d aYOPDYOGbind04223a899.2223 a899.2223 KUS s1 aKuswadiarja,cMasePengaranggGuru bantu ing Adiwarna 4aKasusasteraan Jawa--xCerita aYOPDYOG0 ajav aSerat cariyosipun Rara Kandreman kasambetan dongeng tigang warni /cMas Kuswadiarja aTeks beraksara Jawa a6410-A a6411-A a63038-PD/A.2019 a63038-PD/A.2019 a6410-A a6411-A